50 STUDIES EVERY OBSTETRICIAN GYNECOLOGIST SHOULD KNOW (Record no. 30653)

MARC details
000 -LEADER
fixed length control field 00452nam a22001697a 4500
003 - CONTROL NUMBER IDENTIFIER
control field SGT
020 ## - INTERNATIONAL STANDARD BOOK NUMBER
International Standard Book Number 9780197775813
082 ## - DEWEY DECIMAL CLASSIFICATION NUMBER
Classification number 618.1
Item number S25L
100 ## - MAIN ENTRY--PERSONAL NAME
Personal name LIU, CONSTANCE
245 ## - TITLE STATEMENT
Title 50 STUDIES EVERY OBSTETRICIAN GYNECOLOGIST SHOULD KNOW
250 ## - EDITION STATEMENT
Edition statement 1ST SA
260 ## - PUBLICATION, DISTRIBUTION, ETC. (IMPRINT)
Place of publication, distribution, etc NEW YORK
Name of publisher, distributor, etc OXFORD UNIVERSITY
Year of Publication 2025
300 ## - PAGE DESCRIPTION
No. of Pages 292
650 ## - SUBJECT ADDED ENTRY--TOPICAL TERM
Topical term or geographic name as entry element OBST. & GYNE
653 ## - KEYWORDS--INDEX TERM
Keyword term 50 STUDIES EVERY OBSTETRICIAN GYNECOLOGIST SHOULD KNOW
942 ## - ADDED ENTRY ELEMENTS (KOHA)
Source of classification or shelving scheme Dewey Decimal Classification
Koha item type Books
Holdings
Withdrawn status Lost status Source of classification or shelving scheme Damaged status Not for loan Collection code Home library Current library Shelving location Date acquired Vendor Name Cost, normal purchase price SGTU Bill Number Total Checkouts Full call number Accession No. (Barcode) Date last seen Bill Date Koha item type
    Dewey Decimal Classification   Not For Loan MEDICAL SGT Medical Library SGT Medical Library Record Book 11/02/2025 ABC DELHI 3695.00 SGTU 20461   618.1 S25L FM14830 04/04/2025 11/02/2025 Books